000 00749nam a2200205 i 4500
001 130657
003 ES-MaACL
005 20250911063550.0
007 t|
008 070803s1870 sp |||| | spa d
100 1 _aStanhope, Philip Henry Stanhope,
_cEarl,
_d1805-1875
_9107897
245 1 0 _aHistory of England comprising the reign of Queen Anne until the peace of Utrecht /
_cby Earl Stanhope.
260 _aLeipzig :
_bBernhard Tauchnitz,
_c1870.
300 _a2 t. en 1 v. ;
_c16 cm.
490 1 _aCollection of British authors ;
_v1089-90
651 4 _aGran BretaƱa-
_xHistoria-
_y1702-1714, Ana.
_98753
830 0 _aCollection of British authors ;
_v1089-90
_9180703
852 _aES-MaACL
_jG-11970
999 _c130657
_d130657